| 000 | 00839nam a2200205 a 4500 | ||
|---|---|---|---|
| 001 | 51406 | ||
| 003 | BD-RjUL | ||
| 005 | 20211209075644.0 | ||
| 008 | 160830s1944 xxk 000 0 eng | ||
| 035 | _a(BD-RjUL)51526 | ||
| 040 |
_aDLC _cDLC _dDLC _dBD-RjUL _beng |
||
| 041 | _aeng | ||
| 082 |
_223 _a371.1 _bTEA 1944 |
||
| 110 | 1 |
_aGt. Brit. _bBoard of education. _cCommittee to consider the supply, recruitment and training of teachers and youth leaders. _9153773 |
|
| 245 | 1 | 0 |
_aTeachers and youth leaders : _breport of the committee appointed by the president of the Board of education to consider the supply, recruitment and training of teachers and youth leaders / _cBoard of education. |
| 260 |
_aLondon : _bH. M. Stationery off., _c1944 |
||
| 300 |
_a176 p. ; _c25 cm. |
||
| 650 |
_aTeachers _zGreat Britain. _9144569 |
||
| 942 |
_2ddc _cBK |
||
| 999 |
_c51406 _d51406 |
||